01384aab a2200217 i 4500001001000000003001000010005001700020008004100037022001300078040001900091041000800110100002800118245006600146300007800212520068200290650002600972700002500998773011801023942000801141999001701149768714001CO-MdFUSB20240424134013.0220805t2005 ck |||| |||| 00| 0 spa d a14091968 bspacCO-MdFUSB aspa1 aGuerrero, Roberteautor 3aLa clave está en el nombrec/ Robert Guerrero y Dee Yaccino aVolumen 22, número 3 (abril - junio, 2005), páginas: 54 - 56c; 27 cm aLa misión de la iglesia es una misión de poder. El punto es que todos los cristianos estamos llamados a una misión poderosa. Jesús nos da la facultad de ir en su nombre y nos da el poder y la autoridad también. Cada cristiano tiene una misión y una función en particular. servir en su nombre es darnos cuenta de que, cuando ayudamos a los demás, es Dios quien en realidad obra en y por medio de nosotros. la misión de la iglesia de servir con una nueva identidad en Cristo produce cambios y gran gozo. El peligro de hacer la misión de Dios sin discernir la cauda del gozo está en que el discípulo puede gozarse no es quien es él sino en lo que hace. 09362aEvangelización aYaccino, Dee,eautor0 tApuntes Pastorales049442960138gVolumen 22, número 3 (abril - junio, 2005), páginas: 54 - 56qpáginas: 54 cANA c60967d60967